|
|
|
|
| LEADER |
01005nam a22002417a 4500 |
| 001 |
29642 |
| 003 |
BD-DhAAL |
| 005 |
20241118125047.0 |
| 008 |
150827s1988 bg ||||| |||| 00| 0 eng d |
| 040 |
|
|
|a BD-DhAAL
|c BD-DhAAL
|
| 082 |
|
|
|2 22
|a 307.1412095492
|
| 245 |
|
|
|a BRAC training calendar,
|f 1988.
|
| 264 |
|
|
|a Dhaka :
|b BRAC,
|c 1988.
|
| 300 |
|
|
|a 163 pages :
|b illustrations ;
|c 27 cm.
|
| 541 |
|
|
|a BRAC
|e 29642
|
| 610 |
|
|
|a BRAC
|9 14235
|
| 650 |
|
|
|a Rural development
|z Bangladesh.
|9 14236
|
| 710 |
|
|
|a BRAC
|9 14237
|
| 852 |
|
|
|a Ayesha Abed library
|c BRAC Resource Section
|
| 942 |
|
|
|2 ddc
|c BK
|
| 999 |
|
|
|c 35375
|d 35375
|
| 952 |
|
|
|0 0
|1 0
|2 ddc
|4 0
|6 307_141209549200000_BRA
|7 1
|8 RPT
|9 55686
|a BRACUL
|b BRACUL
|c BRS
|d 2015-09-01
|e BRAC
|l 0
|o 307.1412095492 BRA
|p 3010029642
|r 2015-09-01
|t 1
|w 2015-09-01
|y BK
|
| 952 |
|
|
|0 0
|1 0
|2 ddc
|4 0
|6 307_141209549200000_BRA
|7 1
|8 RPT
|9 57011
|a BRACUL
|b BRACUL
|c BRS
|d 2015-11-22
|e BRAC
|l 1
|o 307.1412095492 BRA
|p 3010030562
|r 2025-12-30
|s 2025-03-23
|t 2
|w 2015-11-22
|y BK
|x BRAC ; price not available in register
|